| 000 | 00559nam a2200181Ia 4500 | ||
|---|---|---|---|
| 003 | GCL | ||
| 008 | 140319s9999 xx 000 0 ara d | ||
| 040 |
_aGCL / _cGCL |
||
| 082 | 0 | 4 |
_a853 _bع ح |
| 100 | 1 | _aمحمد على اليوسفى (مترجم) | |
| 245 | 1 | 0 |
_aحكاية بحار غريق / _cمحمد على اليوسفى (مترجم) |
| 700 | 1 | _aغارسياماركيز، غابرييل | |
| 300 | _a106 ص | ||
| 490 | _a | ||
| 650 | 0 | 4 | _aالقصة الايطالية |
| 650 | 0 | 4 | _aالادب الايطالى المترجم |
| 942 |
_2ddc _cBK |
||
| 999 |
_c40896 _d40896 |
||